HRM Cases / (Record no. 57778)

MARC details
000 -LEADER
fixed length control field 00560nam a22002057a 4500
001 - CONTROL NUMBER
control field 57778
005 - DATE AND TIME OF LATEST TRANSACTION
control field 20260421102026.0
008 - FIXED-LENGTH DATA ELEMENTS--GENERAL INFORMATION
fixed length control field 260301s2021 bg ||||| |||| 00| 0 eng d
020 ## - INTERNATIONAL STANDARD BOOK NUMBER
ISBN 9789849502142
040 ## - CATALOGING SOURCE
Original cataloging agency BD-DhIUB
Transcribing agency BD-DhIUB
Modifying agency BD-DhIUB
082 ## - DEWEY DECIMAL CLASSIFICATION NUMBER
Edition number 22
Classification number 658.3
Item number T1287h
100 ## - MAIN ENTRY--PERSONAL NAME
Personal name Taher, Md. Abu
9 (RLIN) 7154
245 ## - TITLE STATEMENT
Title HRM Cases /
Statement of responsibility, etc Md. Abu Taher and Md. Aftab Uddin
260 ## - PUBLICATION, DISTRIBUTION, ETC. (IMPRINT)
Place of publication, distribution, etc Dhaka:
Name of publisher, distributor, etc Abir publications,
Date of publication, distribution, etc 2021
300 ## - PHYSICAL DESCRIPTION
Extent 160 p. :
Dimensions 24 cm.
526 ## - STUDY PROGRAM INFORMATION NOTE
School name Library
Shelving Location General Stacks
650 #0 - SUBJECT ADDED ENTRY--TOPICAL TERM
Topical term or geographic name as entry element HRM
9 (RLIN) 7155
700 ## - ADDED ENTRY--PERSONAL NAME
Personal name Uddin, Md. Aftab
9 (RLIN) 7156
942 ## - ADDED ENTRY ELEMENTS (KOHA)
Source of classification or shelving scheme Dewey Decimal Classification
Koha item type Books
Holdings
Withdrawn status Lost status Source of classification or shelving scheme Damaged status Not for loan Home library Current library Shelving location Date acquired Source of acquisition Serial Enumeration / chronology Total Checkouts Full call number Barcode Date last seen Copy number Price effective from Koha item type
    Dewey Decimal Classification     Library, Independent University, Bangladesh (IUB) Library, Independent University, Bangladesh (IUB) General Stacks 01/03/2026 Gift / Donation 2021   658.3 T1287h G000678 21/04/2026 01 21/04/2026 Books